000 00450nam a22001817a 4500
003 MPLRDC
005 20220104173613.0
008 210129b ||||| |||| 00| 0 eng d
020 _a967-978-786-9
082 _a574.386 MAHA-4
100 _aMAHATHIR MOHAMAD
245 _aMALAYS FORGET EASILY
_c
250 _a初版
260 _a
_bPELANDUK PUBLICATIONS
_c2001
300 _b
650 _a马来西亚政治
942 _cBK
_o574.386 MAHA-4
999 _c59496
_d59486